000 00496pab a2200181 454500
008 180718b2004 xxu||||| |||| 00| 0 eng d
100 _aParthiban, K.T.
245 _aStatus of forestry education in Tamil Nadu agricultural university: an overview
260 _c2004
300 _ap.153-58.
362 _a30 Aug
650 _aForestry - India - Tamil Nadu
650 _aForestry
700 _aNeelakantan, K.S.
700 _aParamathema, M.
773 _aUniversity News
909 _a62385
999 _c62385
_d62385